000
00278nam a22001217a 4500
020
_a
NA
082
_2
22
_a
338.5
100
_a
Sexton Robert.
245
_a
Micro economics /
260
_a
Prentice hall,
_b
Prentice hall,
_c
c1995
300
_a
640 p,;
_b
NA
_c
24cm.
942
_2
ddc
_c
GEN
999
_c
2049
_d
2049